| 000 | 00325nam a22000977a 4500 | ||
|---|---|---|---|
| 008 | 230516b |||||||| |||| 00| 0 eng d | ||
| 040 |
_aNational Science Library _cNational Science Library |
||
| 245 | _aJournal of institute of consulting engineers | ||
| 260 |
_aCalcutta: _bInstitute of Consulting Engineers, _c1962 |
||
| 942 | _cCR | ||
| 999 |
_c30833 _d30833 |
||